MARC details
| 000 -LEADER |
| fixed length control field |
01245nam a22002897a 4500 |
| 003 - CONTROL NUMBER IDENTIFIER |
| control field |
OSt |
| 005 - DATE AND TIME OF LATEST TRANSACTION |
| control field |
20250904150329.0 |
| 008 - FIXED-LENGTH DATA ELEMENTS--GENERAL INFORMATION |
| fixed length control field |
240423b ||||| |||| 00| 0 eng d |
| 040 ## - CATALOGING SOURCE |
| Transcribing agency |
0 |
| 082 ## - DEWEY DECIMAL CLASSIFICATION NUMBER |
| Classification number |
DPer 621.317 Ie21 November 2022 v. 37 n. 11 |
| 100 ## - MAIN ENTRY--PERSONAL NAME |
| Personal name |
Zhang, Peng. |
| Relator term |
author. |
| 9 (RLIN) |
56546 |
| 245 ## - TITLE STATEMENT |
| Title |
A carrier-based discontinuous PWM scheme with optimal PWM sequences for a five-level flying capacitor rectifier / |
| Statement of responsibility, etc. |
Peng Zhang, Xuezhi Wu, Jing Wang, Wenzheng Xu, Jingdou Liu, Jingjing Qi, and Anna Yang. |
| 260 ## - PUBLICATION, DISTRIBUTION, ETC. (IMPRINT) |
| Place of publication, distribution, etc. |
New York ; |
| Name of publisher, distributor, etc. |
The Institute of Electrical and Electronics Engineers, Inc. , |
| Date of publication, distribution, etc. |
November 2022. |
| 300 ## - PHYSICAL DESCRIPTION |
| Extent |
Volume 37,pages 13178-13191 : |
| Other physical details |
illustration ; |
| Dimensions |
28 cm. |
| 500 ## - GENERAL NOTE |
| General note |
IEEE Transactions on Power Electronics, vol. 37, no. 11, pages 13178-13191, November 2022. |
| 650 #0 - SUBJECT ADDED ENTRY--TOPICAL TERM |
| Topical term or geographic name as entry element |
Pulse width modulation. |
| 9 (RLIN) |
66000 |
| 650 #0 - SUBJECT ADDED ENTRY--TOPICAL TERM |
| Topical term or geographic name as entry element |
Voltage control. |
| 9 (RLIN) |
65950 |
| 650 #0 - SUBJECT ADDED ENTRY--TOPICAL TERM |
| Topical term or geographic name as entry element |
Switching loss. |
| 9 (RLIN) |
65714 |
| 700 ## - ADDED ENTRY--PERSONAL NAME |
| Personal name |
Zhang, Peng. |
| Relator term |
author. |
| 9 (RLIN) |
56546 |
| 700 ## - ADDED ENTRY--PERSONAL NAME |
| Personal name |
Wu, Xuezhi. |
| Relator term |
author. |
| 9 (RLIN) |
56547 |
| 700 ## - ADDED ENTRY--PERSONAL NAME |
| Personal name |
Wang, Jing. |
| Relator term |
author. |
| 9 (RLIN) |
56548 |
| 700 ## - ADDED ENTRY--PERSONAL NAME |
| Personal name |
Xu, Wenzheng. |
| Relator term |
author. |
| 9 (RLIN) |
56549 |
| 700 ## - ADDED ENTRY--PERSONAL NAME |
| Personal name |
Liu, Jingdou. |
| Relator term |
author. |
| 9 (RLIN) |
56550 |
| 700 ## - ADDED ENTRY--PERSONAL NAME |
| Personal name |
Qi, Jingjing. |
| Relator term |
author. |
| 9 (RLIN) |
56551 |
| 700 ## - ADDED ENTRY--PERSONAL NAME |
| Personal name |
Yang, Anna. |
| Relator term |
author. |
| 9 (RLIN) |
56552 |
| 942 ## - ADDED ENTRY ELEMENTS (KOHA) |
| Source of classification or shelving scheme |
Dewey Decimal Classification |
| Koha item type |
Periodicals |